000 00252nam a2200121Ia 4500
100 _aOmura/George
942 _cBK
654 _amastering
245 _aMastering autocad Release 12
260 _bBPB
_aDelhi
_c1994
300 _a645
546 _aENGLISH
999 _c32258
_d32258